000 00316nam a2200097Ia 4500
005 20251222114344.0
008 251222s1900||||xx |||||||||||||| ||spa||
082 _aDVD0093/F14
245 0 _aConstruyendo una cooperación global a través de la comunicación:Building a global partnership through communication
942 _cDVD
999 _c990
_d990